Score 0/20 Timer 05:00
0 Plays Today
Personality % Correct
Kim Kardashian
84.1%
Christina Aguilera
78.9%
Ryan Gosling
77%
Jessica Simpson
75.7%
Macaulay Culkin
74.6%
Zooey Deschanel
71%
Channing Tatum
67.1%
Yao Ming
61.7%
Jake Gyllenhaal
60.8%
Nick Cannon
52.5%
Personality % Correct
Kristen Bell
51.5%
Michelle Kwan
48.9%
Chris Pine
44.8%
Kevin Hart
44.6%
Michelle Williams
43.8%
Jason Segel
42.9%
Michael Vick
40.9%
Ronaldinho
33.8%
Wilmer Valderrama
21.9%
Simon Helberg
15.4%
Remove Ads.
Support Sporcle.
Get the best of Sporcle when you Go Orange. This ad-free experience offers more features, more stats, and more fun while also helping to support Sporcle. Thank you for becoming a member.

You're not logged in!

Compare scores with friends on all Sporcle quizzes.
OR
Log In

Show Comments

Extras

Top Quizzes Today


Score Distribution

Your Account Isn't Verified!

In order to create a playlist on Sporcle, you need to verify the email address you used during registration. Go to your Sporcle Settings to finish the process.

Report this User

Report this user for behavior that violates our Community Guidelines.

Details: